Правовая экономика: проблемы становления

ग्रंथसूची विवरण
मुख्य लेखक: Пугинский Б. И. Борис Иванович
अन्य लेखक: Сафиуллин Д. Н. Динус Нуриманович
भाषा:रूसी
प्रकाशित: Москва, Юридическая литература, 1991
विषय:
स्वरूप: पुस्तक
KOHA link:https://koha.lib.tpu.ru/cgi-bin/koha/opac-detail.pl?biblionumber=18741

MARC

LEADER 00000nam0a2200000 4500
001 18741
005 20231030191408.0
010 |a 5726005643 
035 |a (RuTPU)RU\TPU\book\18894 
035 |a BOOK00000103 
090 |a 18741 
100 |a 20011209d1991 k y0rusy50 ca 
101 0 |a rus 
102 |a RU 
105 |a y z 000zy 
200 1 |a Правовая экономика  |e проблемы становления  |f Б. И. Пугинский, Д. Н. Сафиуллин 
210 |a Москва  |c Юридическая литература  |d 1991 
215 |a 240 с. 
610 1 |a право 
610 1 |a гражданское право 
610 1 |a экономика 
610 1 |a СССР 
610 1 |a народное хозяйство 
610 1 |a хозяйственное право 
686 |a Х623  |v LBC/SL-A  |2 rubbk 
700 1 |a Пугинский  |b Б. И.  |g Борис Иванович 
701 1 |a Сафиуллин  |b Д. Н.  |g Динус Нуриманович 
801 0 |a RU  |b 63413507  |c 20011209  |g PSBO 
801 2 |a RU  |b 63413507  |c 20080415  |g PSBO 
942 |c BK